| 000 | 00426nam a22001457a 4500 | ||
|---|---|---|---|
| 020 | _qHB. | ||
| 040 | _cFizza Ishaq | ||
| 082 |
_a158.55 _bWIL |
||
| 100 |
_aUry, William. _9133159 |
||
| 245 |
_aGetting Past No: Negotiating Your Way from Confrontation to Cooperation / _cWilliam Ury. |
||
| 250 | _aRevised Edition. | ||
| 260 |
_aNew York : _bBantam, _c1991. |
||
| 300 |
_a189 P. ; _c20.83 x 14.22 x 2.03 cm |
||
| 942 |
_2ddc _cBK |
||
| 999 |
_c616180 _d616180 |
||